Normal view MARC view

Entry Personal Name

Number of records used in: 1

001 - CONTROL NUMBER

  • control field: 12871

003 - CONTROL NUMBER IDENTIFIER

  • control field: OSt

005 - DATE AND TIME OF LATEST TRANSACTION

  • control field: 20190828095436.0

008 - FIXED-LENGTH DATA ELEMENTS

  • fixed length control field: 190828|| aca||aabn | a|a d

040 ## - CATALOGING SOURCE

  • Original cataloging agency: OSt
  • Transcribing agency: OSt

100 ## - HEADING--PERSONAL NAME

  • Personal name: Barett, Kim E. [et..al].

670 ## - SOURCE DATA FOUND

  • Source citation: Work cat.: (OSt): Barett, Kim E. [et..al]., Ganong's Review of Medical Physiology , 2019